LEADER 01027nam0 2200277 450 001 000030358 005 20150302183356.0 010 $a978-88-14-19054-4 100 $a20150302d2014----km-y0itay50------ba 101 0 $aita 102 $aIT 105 $ay-------001yy 200 1 $aIstituzioni di diritto tributario$fa cura di Pasquale Russo, Guglielmo Franzoni, Laura Castaldi$gcon i contributi di Francesco Padovani, Simone Ghinassi, Fabio Coll 210 $aMilano$cGiuffrè$dc2014 215 $aXVII, 476 p.$d24 cm 500 10$aIstituzioni di diritto tributario$957433 610 1 $a